000 01600na a2200289 4500
001 18402
003 MIRAKIL
005 20181213155035.0
008 161117b tu 000 0
040 _aMilas
_btur
_cTR-AnCHP
041 _atur
082 _a327.561058
_bT96 1993
090 _a327.561058 T96 1993
245 _aTürkiye ile Türk Cumhuriyetleri ve Türk toplulukları arasında yapılan anlaşmalar, ilişkiler ve faaliyetler
_chazırlayanlar Tahir Erdoğan Şahin, Fatma Zehra Esmeray, Metin Akgüney
260 _aAnkara
_bMEB
_c1993
300 _ac.<1>
_c24 sm.
440 _aMilli Eğitim Bakanlığı Talim ve Terbiye Kurulu Başkanlığı Türk Cumhuriyetleri ve Türk Toplulukları Dairesi Yayınları
_v1/1
490 _aBelgeler serisi
_v1/1
505 _ac. 1 : Türkiye ile Türk Cumhuriyetleri ve Türk toplulukları arasında tek ve çok taraflı olarak yapılan toplantı tutanakları, protokoller, mutabakat zabıtları, anlaşma metinleri,sözleşmeler-1990-1992- c. 2 : T. C. Milli Eğitim Bakanlığı'nın Türk Cumhuriyetleri ve Türk Topluluklarıyla ilgili olarak yapmış olduğu çalışmalar -1990-1993- c. 3 : Çeşitli kurum ve kuruluşların Türk Cumhuriyetleri ve Türk toplulukları ile ilgili olarak yapmış oldukları anlaşmalar ve faaliyetler).
650 _aUluslararası antlaşmalar
651 _aTürk Cumhuriyetleri
_xDış ilişkiler
_zTürkiye
651 _aTürkiye
_xDış ilişkiler
_yTürk Cumhuriyetleri
700 _aAkgüney, Metin
700 _aEsmeray, Fatma Zehra
700 _aŞahin, Tahir Erdoğan
942 _2dcc
_cBKS
999 _c5390
_d5390